Geometrical mechanics and de Broglie waves. / (Record no. 52110)
[ view plain ]
| 000 -LEADER | |
|---|---|
| fixed length control field | 00801nam a2200241 a 4500 |
| 001 - CONTROL NUMBER | |
| control field | 52110 |
| 003 - CONTROL NUMBER IDENTIFIER | |
| rucl marc code | BD-RjUL |
| 005 - DATE AND TIME OF LATEST TRANSACTION | |
| control field | 20211209075744.0 |
| 008 - FIXED-LENGTH DATA ELEMENTS--GENERAL INFORMATION | |
| fixed length control field | 160906s1954 enka 000 0 eng |
| 035 ## - SYSTEM CONTROL NUMBER | |
| System control number | (BD-RjUL)52230 |
| 040 ## - CATALOGING SOURCE | |
| Original cataloging agency | DLC |
| Transcribing agency | GAT |
| Modifying agency | OCL |
| -- | SER |
| -- | UKM |
| -- | EQO |
| -- | BD-RjUL |
| Language of cataloging | eng |
| 041 ## - LANGUAGE CODE | |
| Language code of text/sound track or separate title | eng |
| 082 ## - DEWEY DECIMAL CLASSIFICATION NUMBER | |
| Classification number | 530.124 |
| Edition number | 23 |
| Author mark and year | SYG 1954 |
| 100 1# - MAIN ENTRY--PERSONAL NAME | |
| Personal name | Synge, J. L. |
| Fuller form of name | (John Lighton), |
| Dates associated with a name | 1897-1995. |
| 9 (RLIN) | 154391 |
| 245 10 - TITLE STATEMENT | |
| Title | Geometrical mechanics and de Broglie waves. / |
| 260 ## - PUBLICATION, DISTRIBUTION, ETC. (IMPRINT) | |
| Place of publication, distribution, etc. | Cambridge, Eng. : |
| Name of publisher, distributor, etc. | University Press, |
| Date of publication, distribution, etc. | 1954. |
| 300 ## - PHYSICAL DESCRIPTION | |
| Pagination | 167 p. : |
| Illustrations | ill. ; |
| Size | 23 cm. |
| 490 1# - SERIES STATEMENT | |
| Series statement | Cambridge monographs on mechanics and applied mathematics |
| 650 #0 - SUBJECT ADDED ENTRY--TOPICAL TERM | |
| Topical term or geographic name as entry element | Wave mechanics. |
| 9 (RLIN) | 117120 |
| 830 #0 - SERIES ADDED ENTRY--UNIFORM TITLE | |
| Uniform title | Cambridge monographs on mechanics and applied mathematics |
| 942 ## - ADDED ENTRY ELEMENTS (KOHA) | |
| Source of classification or shelving scheme | Dewey Decimal Classification |
| Koha item type | Books |
| Lost status | Source of classification or shelving scheme | Damaged status | Not for loan | Collection code | Permanent Location | Current Location | Shelving location | Date acquired | Source of acquisition | Cost, normal purchase price | Total Checkouts | Full call number | Date last seen | Copy number | Koha item type |
|---|---|---|---|---|---|---|---|---|---|---|---|---|---|---|---|
| Dewey Decimal Classification | Non-fiction | Central Library, University of Rajshahi | Central Library, University of Rajshahi | 10/12/1962 | Zeitlinger | 30.00 | 530.124 SYG 1954 | 06/09/2016 | C-2 | Books |